| 000 | 00384 a2200133 4500 | ||
|---|---|---|---|
| 003 | OSt | ||
| 005 | 20180116182722.0 | ||
| 008 | 160817b xxu||||| |||| 00| 0 eng d | ||
| 040 | _c0 | ||
| 100 | _aN.A.BALOCH | ||
| 245 |
_aLands of Pakistan Perpectives, Historical and Cultural. _cN.A.Baloch. |
||
| 260 |
_aIslamabad _bEl-Mashriqi Foundation _c1995 |
||
| 942 |
_aNBS _cBK _k954.9109 BAL _2ddc |
||
| 999 |
_c344728 _d344728 |
||